000 00233nam a2200097Ia 4500
001 719457
005 20250826163043.0
008 250824s9999 xx 000 0 und d
245 0 _a72. KOĞUŞ
_cORHAN KEMAL
260 _bEVEREST YAYINLARI
999 _c719457
_d719457